Red Hat Linux 7 bible / (Include CD) / (Record no. 180439)
[ view plain ]
| 000 -LEADER | |
|---|---|
| fixed length control field | 01091 a2200241 4500 |
| 003 - CONTROL NUMBER IDENTIFIER | |
| control field | Nust |
| 005 - DATE AND TIME OF LATEST TRANSACTION | |
| control field | 20220819090112.0 |
| 010 ## - LIBRARY OF CONGRESS CONTROL NUMBER | |
| LC control number | 2003104779 |
| 020 ## - INTERNATIONAL STANDARD BOOK NUMBER | |
| International Standard Book Number | 076454778x |
| 040 ## - CATALOGING SOURCE | |
| Transcribing agency | Nust |
| 082 00 - DEWEY DECIMAL CLASSIFICATION NUMBER | |
| Classification number | 005.3,NEG |
| 100 1# - MAIN ENTRY--PERSONAL NAME | |
| Personal name | Negus, Chris, |
| 9 (RLIN) | 98172 |
| 245 10 - TITLE STATEMENT | |
| Title | Red Hat Linux 7 bible / (Include CD) / |
| Statement of responsibility, etc. | Christopher Negus. |
| 260 ## - PUBLICATION, DISTRIBUTION, ETC. | |
| Place of publication, distribution, etc. | Indianapolis, IN : |
| Name of publisher, distributor, etc. | Wiley Pub., |
| Date of publication, distribution, etc. | c2003. |
| 300 ## - PHYSICAL DESCRIPTION | |
| Extent | xxx, 874 p. : |
| Other physical details | ill. ; |
| Dimensions | 24 cm. + |
| Accompanying material | 3 CD-ROMs (4 3/4 in.) |
| 505 ## - FORMATTED CONTENTS NOTE | |
| Formatted contents note | Part 1:- Getting started with Red Hat Linux (Page-1), Part 2:- Using Red Hat Linux (Page-59), Part 3:- Administering Red Hat Linux (Page-329), Part 4:- Red Hat Linux Network and server Setup (Page-531). |
| 650 #0 - SUBJECT ADDED ENTRY--TOPICAL TERM | |
| Topical term or geographic name entry element | Operating systems (Computers) |
| 651 ## - SUBJECT ADDED ENTRY--GEOGRAPHIC NAME | |
| Geographic name | (02 X Include CD) |
| 9 (RLIN) | 96966 |
| 856 42 - ELECTRONIC LOCATION AND ACCESS | |
| Materials specified | Contributor biographical information |
| Uniform Resource Identifier | <a href="http://www.loc.gov/catdir/bios/wiley046/2003104779.html">http://www.loc.gov/catdir/bios/wiley046/2003104779.html</a> |
| 856 42 - ELECTRONIC LOCATION AND ACCESS | |
| Materials specified | Publisher description |
| Uniform Resource Identifier | <a href="http://www.loc.gov/catdir/description/wiley039/2003104779.html">http://www.loc.gov/catdir/description/wiley039/2003104779.html</a> |
| 856 42 - ELECTRONIC LOCATION AND ACCESS | |
| Materials specified | Table of contents |
| Uniform Resource Identifier | <a href="http://www.loc.gov/catdir/toc/wiley032/2003104779.html">http://www.loc.gov/catdir/toc/wiley032/2003104779.html</a> |
| 942 ## - ADDED ENTRY ELEMENTS (KOHA) | |
| Source of classification or shelving scheme | |
| Koha item type | Book |
| Call number prefix | 005.3,NEG |
| Withdrawn status | Lost status | Source of classification or shelving scheme | Damaged status | Not for loan | Permanent Location | Current Location | Shelving location | Date acquired | Full call number | Barcode | Date last seen | Price effective from | Koha item type | Public note |
|---|---|---|---|---|---|---|---|---|---|---|---|---|---|---|
| Military College of Signals (MCS) | Military College of Signals (MCS) | General Stacks | 12/12/2016 | 005.432,NEG | MCS31180 | 12/08/2016 | 12/12/2016 | Book | Almirah No.5, Shelf No.6 | |||||
| Military College of Signals (MCS) | Military College of Signals (MCS) | General Stacks | 12/12/2016 | 005.432,NEG | MCS36443 | 12/08/2016 | 12/12/2016 | Book | Almirah No.5, Shelf No.6 |
